000 01081nmm a2200361 a 4500
003 AR-BaBNM
005 20251128211638.0
008 065020s2003 ||||||||||||||000 | spa||
020 _a958-682-481-0
040 _cAR-BaBNM
245 1 0 _aCerrar la brecha en educación y tecnología
_bestudios del Banco Mundial sobre América Latina y el Caribe
260 _aBogotá
_bBanco Mundial
_c2003
_bAlfaomega
300 0 _a216 p.
_bgráf., tablas
504 _aReferencias bibliográfica en p. 205-216
610 2 4 _aBanco Mundial
650 4 _aEDUCACION Y DESARROLLO
650 4 _aECONOMIA DE LA EDUCACION
650 4 _aTECNOLOGIA
650 4 _aEDUCACION Y EMPLEO
650 4 _aDEMANDA DE EDUCACION
650 4 _aPOLITICA EDUCATIVA
651 4 _aAmérica Latina
651 4 _aCaribe
700 1 _aFerranti, David de
700 1 _aPerry, Guillermo E.
700 1 _aGill, Indermit
700 1 _aGuasch, J. Luis
700 1 _aMaloney, William F.
700 1 _aSánchez-Páramo, Carolina
700 1 _aSchady, Norbert
942 _cBK
998 _cmaria eugenia
999 _c20573
_d20573